[Event "Horgen CS"]
[Site "Horgen"]
[Date "1994.??.??"]
[Round "10"]
[White "Gelfand, Boris"]
[Black "Benjamin, Joel"]
[Result "1-0"]
[WhiteElo "2680"]
[BlackElo "2610"]
[Annotator "Gelfand,B"]
[PlyCount "81"]
[EventDate "1994.09.??"]
[EventType "tourn"]
[EventRounds "11"]
[EventCountry "SUI"]
[EventCategory "16"]
[SourceTitle "CBM 043"]
[Source "ChessBase"]
[SourceDate "1994.12.01"]
[SourceVersion "1"]
[SourceVersionDate "1994.12.01"]
[SourceQuality "1"]

1. d4 {Kortschnoj} Nf6 2. c4 e6 3. Nf3 d5 4. Nc3 Bb4 5. Bg5 h6 6. Bxf6 Qxf6 7.
e3 O-O (7... c5 {Kortschnoj} 8. cxd5 exd5 9. Bb5+ Nc6) 8. Rc1 dxc4 (8... c6 9.
Bd3 Nd7 10. O-O Bxc3 11. Rxc3 dxc4 12. Bxc4 e5 {Kasparov,G-Benjamin,J/Horgen/
1994/}) 9. Bxc4 c5 10. O-O cxd4 11. exd4 $5 (11. Nxd4 Rd8 12. Qb3 Qe7 13. Ne4
Ba5 {Goldin-Serper/Novosibirsk/1993/}) 11... Nc6 12. Ne4 Qf4 (12... Qe7) (12...
Qd8 $14 {Kortschnoj}) 13. Qe2 Rd8 14. g3 (14. Rfd1 Be7 15. d5 $4 exd5 {0-1/
Vandevooert-Sosonko,G/Brussels/1993/} 16. Bxd5 $142 Rxd5 $1 17. Rxd5 Qxc1+ $19)
14... Qg4 (14... Qf5 $5 {/\ Ba5-b6}) 15. Qe3 Ba5 16. Be2 Bb6 17. Rfd1 (17. Ne5
Qf5 18. Nxc6 (18. Bg4 $4 Qxe5 $1) 18... bxc6 19. Nc5 Qd5 20. Rfd1 Qxa2 21. Bc4
(21. b3 Bxc5 22. dxc5 Ba6) 21... Qxb2 22. Rb1 Qc2 23. Bd3 Qa2) 17... Qf5 18.
Nc5 Qf6 $1 19. Ne5 (19. a3 Bxc5 20. dxc5 (20. Rxc5 Ne7) 20... Rxd1+ 21. Rxd1
Qxb2 $13) 19... Nb4 $2 (19... Nxe5 20. Qxe5 $5 (20. dxe5 Rxd1+ (20... Qe7 $14 {
Kortschnoj}) 21. Rxd1 (21. Bxd1 Qe7 22. Bf3 Rb8) 21... Qe7 22. b4 a5 23. a3
axb4 24. axb4 Bxc5 $1 25. bxc5 (25. Qxc5 Qxc5 26. bxc5 Kf8 $1 $14) 25... Bd7
26. Bf3 Bc6 27. Bxc6 bxc6 28. Rd6 $16) 20... Qxe5 21. dxe5 Rxd1+ 22. Bxd1 Bxc5
23. Rxc5 Bd7 24. Bf3 Rc8 25. Ra5 $16) 20. a3 (20. Bh5 $5 g6 21. Qxh6 Qg7 (21...
Nxa2 22. Rc4) 22. Qxg7+ Kxg7 23. Bf3 Nxa2 24. Ra1 (24. Rc4 $5) 24... Nb4 25.
Nc4 $16) 20... Nd5 21. Qe4 Bc7 22. Bd3 g6 23. Qe2 b6 $2 (23... Qg7 $142 $16)
24. Ne4 Qg7 25. Nc6 Rd7 (25... Re8 26. Ba6 $1 Bxa6 27. Qxa6 $16) 26. Bb5 $1 a6
(26... Bb7 27. Na5 $18) 27. Ba4 b5 28. Bb3 Bb6 (28... Bb7 29. Nc5 Bxc6 30. Nxd7
Bxd7 31. Bxd5) (28... Ne7 29. Qf3 $1) 29. Qf3 f5 30. Nc5 Rd6 (30... Bxc5 31.
dxc5 Bb7 32. Na5 $18) 31. Bxd5 exd5 (31... Rxd5 32. Nb4 $18) 32. Re1 $1 Qf8 (
32... Rxc6 33. Qxd5+ $18) 33. Ne7+ Kh7 34. Qf4 Qf6 35. Nxc8 Rxc8 36. Nd7 $1
Rxd7 (36... Rxc1 37. Nxf6+ $18) 37. Rxc8 Bxd4 38. Rc7 Rg7 (38... Bxf2+ {
Kortschnoj} 39. Kf1 $1 $18) 39. Rxg7+ Qxg7 40. Qd6 Bf6 41. Re6 1-0

[Event "FIDE-Wch k.o."]
[Site "New Delhi/Teheran"]
[Date "2000.12.03"]
[Round "3.1"]
[White "Gelfand, Boris"]
[Black "Piket, Jeroen"]
[Result "1-0"]
[WhiteElo "2681"]
[BlackElo "2649"]
[Annotator "Gelfand,B"]
[PlyCount "63"]
[EventDate "2000.11.27"]
[EventType "k.o."]
[EventRounds "7"]
[EventCountry "IND"]
[SourceTitle "CBM 080"]
[Source "ChessBase"]
[SourceDate "2001.01.25"]
[SourceVersion "1"]
[SourceVersionDate "2001.01.25"]
[SourceQuality "1"]

1. d4 Nf6 2. c4 e6 3. Nf3 d5 4. Nc3 Bb4 5. Bg5 h6 6. Bxf6 Qxf6 7. e3 O-O 8. Rc1
dxc4 9. Bxc4 c5 10. O-O cxd4 11. exd4 Nc6 12. Ne4 Qf4 13. Qe2 Rd8 14. g3 Qg4
15. Rfd1 (15. Qe3 {Gelfand} Ba5 16. Be2 Bb6 17. Rfd1 (17. Ne5 {Gelfand} Qf5 18.
Nxc6 (18. Bg4 $4 Qxe5 $1) 18... bxc6 19. Nc5 Qd5 20. Rfd1 Qxa2 21. Bc4 (21. b3
Bxc5 22. dxc5 Ba6) 21... Qxb2 22. Rb1 Qc2 23. Bd3 Qa2) 17... Qf5 18. Nc5 Qf6 $1
19. Ne5 (19. a3 {Gelfand} Bxc5 20. dxc5 (20. Rxc5 Ne7) 20... Rxd1+ 21. Rxd1
Qxb2 $13) 19... Nb4 $2 (19... Nxe5 {Gelfand} 20. Qxe5 $5 (20. dxe5 Rxd1+ (20...
Qe7 $14 {Kortschnoj}) 21. Rxd1 (21. Bxd1 Qe7 22. Bf3 Rb8) 21... Qe7 22. b4 a5
23. a3 axb4 24. axb4 Bxc5 $1 25. bxc5 (25. Qxc5 Qxc5 26. bxc5 Kf8 $1 $14) 25...
Bd7 26. Bf3 Bc6 27. Bxc6 bxc6 28. Rd6 $16) 20... Qxe5 21. dxe5 Rxd1+ 22. Bxd1
Bxc5 23. Rxc5 Bd7 24. Bf3 Rc8 25. Ra5 $16) 20. a3 (20. Bh5 $5 {Gelfand} g6 21.
Qxh6 Qg7 (21... Nxa2 22. Rc4) 22. Qxg7+ Kxg7 23. Bf3 Nxa2 24. Ra1 (24. Rc4 $5)
24... Nb4 25. Nc4 $16) 20... Nd5 21. Qe4 Bc7 22. Bd3 g6 23. Qe2 {1-0 Gelfand,
B-Benjamin,J/Horgen 1994/CBM 43/[Gelfand] (41)}) 15... Bd7 (15... Ba5 16. a3
Bb6 17. b4 Qh5 18. b5 Na5 19. Ba2 Rd5 20. Rc2 Bd7 21. a4 Rd8 22. Nc5 Bc8 23.
Bxd5 exd5 {1/2-1/2 Shneider,A-Kuzmin,G/Ordzhonikidze 2000 (42)}) 16. a3 Be7 (
16... Bf8 17. Qe3 Be8 18. b4 Qh5 19. Be2 Qf5 20. Nh4 Qh7 21. Nc5 g5 22. Nf3
Rab8 23. Bc4 Qg7 24. d5 exd5 25. Bxd5 Ne7 26. Bxb7 Nf5 27. Rxd8 Rxd8 28. Qe5
Nd4 29. Qxg7+ Bxg7 30. Nxd4 Rxd4 {1/2-1/2 Magai,V-Mitkov,N/Istanbul TUR 2000/
The Week in Chess 314 (44)}) 17. Qe3 Be8 18. b4 a6 (18... Rac8 19. b5 Na5 20.
Be2) 19. Be2 (19. d5 exd5 20. Bxd5 Rac8) 19... Qh3 $6 (19... Qf5 20. Nc5 Bxc5
21. dxc5 Qf6 22. Bd3 $14) 20. Nc5 (20. Nc3 $5) 20... Bxc5 (20... b5 $6 $14) 21.
dxc5 (21. Rxc5 Ne7) 21... Qf5 (21... Rxd1+ 22. Rxd1 Rd8 23. Rxd8 Nxd8 24. Qe5
$16) (21... Ne7 22. Ne5 Nd5 23. Qe4) 22. Bd3 Qf6 23. Be4 (23. h4 $16) 23...
Rxd1+ (23... Qe7 $5 24. h4 Rxd1+ 25. Rxd1 Rd8) 24. Rxd1 Rc8 (24... Rd8 $5 25.
Rb1 (25. Rd6 $5) 25... Qe7 26. a4 $16) 25. h4 Kf8 26. g4 $1 Qe7 (26... Rd8 $5)
27. g5 hxg5 28. hxg5 Rd8 29. Re1 $1 $18 (29. Rxd8 Qxd8 30. Qf4 $16) 29... Qc7 (
29... g6 30. Qf4) 30. g6 fxg6 (30... f6 31. Bxc6 Bxc6 32. Nd4 $18) 31. Ng5 Nd4
(31... Bf7 32. Bxg6) 32. Qxd4 1-0

[Event "Rubinstein Memorial 34th"]
[Site "Polanica Zdroj"]
[Date "1997.??.??"]
[Round "5"]
[White "Gelfand, Boris"]
[Black "Bareev, Evgeny"]
[Result "1/2-1/2"]
[WhiteElo "2695"]
[BlackElo "2670"]
[Annotator "Gelfand,B"]
[PlyCount "71"]
[EventDate "1997.08.19"]
[EventType "tourn"]
[EventRounds "11"]
[EventCountry "POL"]
[EventCategory "16"]
[SourceTitle "CBM 061"]
[Source "ChessBase"]
[SourceDate "1997.11.23"]
[SourceVersion "1"]
[SourceVersionDate "1997.11.23"]
[SourceQuality "1"]

1. d4 Nf6 2. c4 e6 3. Nf3 d5 4. Nc3 Bb4 5. cxd5 exd5 6. Bg5 h6 7. Bh4 g5 8. Bg3
Ne4 9. Nd2 Nxc3 10. bxc3 Bxc3 11. Rc1 Ba5 12. e3 c6 13. h4 g4 14. Be2 Be6 (
14... h5 15. O-O Bc7 16. Bxc7 Qxc7 17. e4 $16 Be6 18. exd5 Bxd5 19. Bc4 Qd8 20.
Re1+ Kf8 21. Qb3 {1-0 Ovsejevitsch,S-Karmov,M/Krasnodar op 1996 (27)}) 15. O-O
h5 $6 $146 (15... Nd7 $5 16. Nb3 Bc7 17. Bxg4 Bxg3 18. Bxe6 Bd6 19. Qh5 Qe7 20.
Bxd7+ Qxd7 21. Nc5 Qe7 22. e4 Bxc5 23. dxc5 O-O-O {1/2-1/2 Tukmakov,V-Inkiov,V/
Hania op (8) 1992}) (15... Bxd2 16. Qxd2 Nd7 17. Rb1 $1 $16) 16. e4 $1 (16. Nb3
Bc7 (16... Nd7 17. Nxa5 Qxa5 18. f3) 17. Nc5 Bxg3 18. fxg3 Nd7 $1 19. Nxe6 fxe6
20. Qd3 Rh6 $13) (16. f3 Bc7 17. Bxc7 Qxc7) 16... Bb6 (16... Bxd2 17. Qxd2 dxe4
18. Qf4 $16) (16... Nd7 17. exd5 cxd5 18. Nb3 Bb6 19. f3) 17. exd5 cxd5 18. Nb3
(18. Bb5+ $5 Kf8 (18... Nd7 19. Nb3 a6 20. Ba4 Kf8 21. Nc5 $36) 19. Nb3 $44)
18... Nc6 19. Qd2 Rc8 (19... Qf6 20. Bb5 O-O 21. Bxc6 bxc6 22. Rxc6 Rac8 23.
Rxc8 Rxc8 24. Be5 Qg6 25. Qf4 $16) 20. Bb5 (20. Nc5 Qe7 (20... Bxc5 21. dxc5 f6
22. Rb1 Qd7 23. Rb2 $16) (20... Qf6 21. Nxb7 O-O 22. Nd6 $18) 21. Bb5 Bxc5 22.
dxc5 $16) (20. f3 gxf3 (20... Bc7 21. Bxc7 Rxc7 22. fxg4 hxg4 23. g3 Qd6 24.
Rf4 b6 $5 25. Bxg4 $16) 21. Rxf3 Nxd4 22. Nxd4 Rxc1+ 23. Kh2 Bxd4 24. Qxd4 $40)
20... Kf8 21. Nc5 (21. f3 gxf3 (21... Bc7 22. Bxc7 Rxc7 23. Qf4 $44) 22. Rxf3
Nxd4 23. Nxd4 Rxc1+ 24. Kh2 Bg4 25. Qxc1 Bxd4 26. Qf4 Bg1+ 27. Kxg1 Bxf3 28.
Qb4+ Kg8 29. gxf3 Qf6 $13) 21... Bxc5 22. Rxc5 $2 (22. dxc5 $1 Kg7 (22... f6
23. Rce1 Qd7 (23... Kf7 24. f3) 24. f3 $16 Kg7 25. fxg4 Bxg4 26. Rxf6 $18) 23.
f3 f6 24. Rce1 Re8 $16) 22... f6 $1 23. Bxc6 (23. f3 Kg7 24. Be2 gxf3 25. Bxf3
Qd7 {/\Ne7}) 23... bxc6 (23... Rxc6 $2 24. Rxc6 bxc6 25. Rb1 $16) 24. f3 Kg7
25. fxg4 Bxg4 26. Ra5 Qe7 27. Re1 $11 (27. Be5 $2 fxe5 28. Rxa7 Qxa7 29. Qg5+
Kh7 30. Rf6 Qg7 $1 $19 (30... Qxd4+ 31. Kh1 $18)) 27... Qd7 28. Ra3 Rhe8 29.
Rae3 Bf5 30. Rxe8 Rxe8 31. Rxe8 Qxe8 32. Qf4 Kg6 33. Qb8 Qf7 34. Bf2 Be4 35.
Be3 Kh7 36. Bf4 1/2-1/2

[Event "FIDE World Cup"]
[Site "Khanty-Mansiysk"]
[Date "2011.08.28"]
[Round "1.1"]
[White "Esen, Baris"]
[Black "Moiseenko, Alexander"]
[Result "1/2-1/2"]
[WhiteElo "2543"]
[BlackElo "2715"]
[Annotator "Grivas,E"]
[PlyCount "96"]
[EventDate "2011.08.28"]
[EventType "k.o."]
[EventRounds "7"]
[EventCountry "RUS"]
[SourceTitle "CBM 145"]
[Source "ChessBase"]
[SourceDate "2011.11.11"]
[SourceVersion "1"]
[SourceVersionDate "2011.11.11"]
[SourceQuality "1"]

1. d4 Nf6 2. c4 e6 3. Nf3 d5 4. Nc3 Bb4 5. Bg5 Nbd7 6. cxd5 exd5 7. Qc2 ({
Other critical lines here are} 7. e3 {and}) (7. Rc1 {.}) 7... c5 ({The most
active line.} 7... c6 {is also playable by the way.}) 8. dxc5 h6 ({A matter of
taste as well. Alternatives are} 8... Nxc5 9. a3 Bxc3+ 10. Qxc3 Nce4 11. Bxf6
Nxf6 12. Qe5+ Qe7 13. Qxe7+ Kxe7 14. Nd4 Bd7 15. e3 Rhc8 16. f3 h5 17. Kd2 Ne8
18. Bd3 Nd6 19. b3 $14 {Leko,P-Aronian,L Ningbo 2011}) ({and} 8... Qa5 9. Bd2
Qxc5 10. e3 Qe7 11. a3 Bc5 12. Be2 O-O 13. O-O a6 14. Rac1 $14 {Akopian,
V-Morozevich,A Yerevan 2008.}) 9. Bd2 (9. Bxf6 {doesn't look like giving much
to White:} Qxf6 10. O-O-O Bxc3 11. Qxc3 Qxc3+ 12. bxc3 Nf6 13. e3 O-O 14. Bd3
Bg4 15. Rd2 Rac8 16. Ne5 Rxc5 17. Nxg4 Nxg4 18. Kb2 g6 19. Bc2 Rfc8 20. Bb3 Nf6
21. Rd3 R8c6 22. Rhd1 Rb5 23. h3 h5 24. Rd4 Kg7 25. h4 Ra5 {1/2-1/2 Turova,
I-Aleksandrov,A Dubai 2009.}) 9... Bxc5 10. e3 O-O 11. Bd3 ({Another set-up is
by} 11. Rc1 Qe7 12. Be2 a6 13. Qd3 Nb6 14. O-O Bg4 15. Nd4 Bd7 16. Bf3 Rfe8 17.
b3 Ba3 18. Rc2 Rac8 19. Nce2 Rxc2 20. Qxc2 Be6 21. Bc1 Rc8 22. Bxa3 Qxa3 23.
Qd2 $14 {Carlsen,M-Ivanchuk,V Medias 2011.}) 11... a6 12. O-O b5 13. Rac1 Bb7
14. Ne2 ({A natural move, heading for the strong d4-square. Other tries are: a)
} 14. Qb1 Qe7 (14... Bd6 15. Ne2 Ne4 16. Bc3 Nxc3 17. Rxc3 Ne5 18. Nxe5 Bxe5
19. Nd4 Qb6 20. Rd1 Rac8 21. Rxc8 Rxc8 22. Bf5 Rc7 23. g3 g6 24. Bh3 Kg7 25.
Bg2 Qc5 26. Nf3 {1/2-1/2 Dreev,A-Vitiugov,N Krasnoyarsk 2007}) 15. Ne2 Ne4 16.
Bc3 Nxc3 17. Rxc3 Bb6 18. Ned4 Nc5 19. b4 Ne4 20. Rc2 Rfc8 21. Rfc1 g6 22. Qb3
Qe8 23. h4 Rxc2 24. Rxc2 Nf6 25. Qb2 Bd8 $13 {Lalith,B-Aleksandrov, A Dubai
2010.}) ({b)} 14. Rfd1 Re8 15. Be1 Qb6 16. Bf5 Rad8 17. Nd4 Bd6 18. Qe2 Ne5 19.
h3 Bb8 $13 {Halkias,S-Aleksandrov,A Mainz 2006.}) 14... Rc8 15. Qb1 Ne4 16. Bc3
Nxc3 ({A natural novelty. Earlier Black has tried} 16... Bd6 17. Bd4 Ndc5 18.
Ng3 (18. Rfd1 Qe7 19. Bc2 b4 20. Bxc5 Bxc5 21. Bxe4 dxe4 22. Nfd4 a5 $15 {
Lalith,B-Ramesh,R Mumbai 2008}) 18... Qd7 19. Rfd1 Qe6 $13 {Aronian,L-Grischuk,
A Moscow 2009.}) 17. Rxc3 Nf6 {An interesting battle is ahead. Black will try
to exploit his bishop pair and White his better pawn-structure (Black has an
isolated pawn on d5). Chances seems to be more or less equal.} 18. Rfc1 Ne4 $1
19. R3c2 (19. Bxe4 $6 dxe4 20. Nfd4 (20. Rxc5 $2 Rxc5 21. Rxc5 exf3 $17) 20...
Qd5 {is pleasant for Black.}) 19... b4 20. Nfd4 Qd6 21. Nb3 {White tries to
exchange some pieces (correct strategy) but unfortunately are the major pieces
(rooks) that will be. In positions with isolated pawn it is important to
exchange the light pieces in order to exploit the weakness of the weak pawn -
so in a way White is going nowhere...} Bb6 22. Rxc8 Rxc8 23. Rxc8+ Bxc8 24. Qc2
Bb7 25. Nbd4 g6 {Black must control some squares around his king, so why not
gain some more space in this part of the board. White cannot explore the
'weaknesses' created on the dark squares, as he is simply missing his dark
squared bishop. But of course his position is solid enough without any
weakness around.} 26. Ng3 Nc5 ({After further exchanges as} 26... Nxg3 27. hxg3
Bxd4 28. exd4 {it will be only White who has chances, due to his suberb bishop.
Black's strategy to maintain pieces on the board is the correct one.}) 27. Bf1
h5 28. Nge2 Ne4 29. Nf3 Qf6 30. h4 ({White could also think of} 30. Qa4 Bc5 31.
Qe8+ Kg7 32. Ned4 Qe7 33. Qxe7 Bxe7 $11 {.}) 30... Bc6 $5 31. Ned4 Bd7 {
As his d5-pawn is not under threat, Black decided to transfer his lightsquared
bishop to a more active diagonal.} 32. Bd3 Nc5 33. Be2 a5 (33... Ne4 34. Bd3
Nc5 {a draw could be agreed.}) 34. Ng5 {A correct decision - White needs to
control e4-square as well.} Bg4 35. g3 Qe5 36. Kg2 (36. Bxg4 hxg4 37. Qe2 {
is leading nowhere after} Ne4 $1 (37... f6 $2 38. Qb5 $18) 38. Nxe4 (38. Qxg4
Bxd4 39. exd4 Qxd4 40. Nxe4 dxe4 41. Qe2 $11) 38... Qxe4 39. Qb5 Bxd4 40. exd4
Qxd4 41. Qxa5) ({but maybe White should think of} 36. Bf1 $5 {and Bg2, putting
some pressure on the isolated pawn.}) 36... Kg7 37. Qd1 ({Again a correct
decision in slight time trouble. White could even lose after} 37. Bxg4 $6 hxg4
38. Nb3 (38. Qe2 $2 f6 39. Qb5 Qd6 $19) 38... Nxb3 39. axb3 Bd8 $17 {.}) 37...
Bd7 ({Now} 37... f6 {is not a threat. After} 38. Nh3 Bxh3+ 39. Kxh3 Ne6 40.
Nxe6+ Qxe6+ 41. Kg2 d4 42. exd4 Qe4+ 43. Bf3 Qxd4 44. Qxd4 Bxd4 45. b3 {
there is not much left to play for...}) 38. b3 ({White could force things with
} 38. Bb5 Bg4 (38... Bxb5 39. Nxb5 Ne4 40. Nxe4 dxe4 41. Nd6 $1 Bc5 (41... Qxb2
$2 42. Qd5 $1 $18) 42. Nc4 Qe6 43. b3 a4) 39. Be2 Bd7 $11 {but in mutual 
(slight) time trouble he decided to keep it simple.}) 38... Ne4 ({If Black
'wanted' to ask something more from his position, it was time to go for} 38...
f6 39. Ngf3 Qe8 {although I do not believe that the result could be changed
easily...}) 39. Ndf3 Qf5 40. Bd3 $1 {Now it is Black who must play with
accuracy.} Bc6 41. Qc2 Bb7 42. Bxe4 dxe4 43. Nd2 Qe5 $1 ({The best way to
preserve equality. After} 43... Bd5 44. Ngxe4 Qe5 45. Kf1 f6 46. Qd3 Qe6 47.
Ke2 {White would have some chances, although the black bishop pair looks
strong enough to defend.}) 44. Nc4 (44. Ngxe4 $2 f5 $19 {.}) 44... Qc3 $1 ({
Again forced. If} 44... Qc7 $2 45. Qd1 $1 Bc5 {then} 46. Nxa5 $1 $16 {is
excellent for White.}) 45. Qd1 ({Of course not} 45. Qxc3+ $2 bxc3 46. Na3 f6
47. Ne6+ Kf7 48. Nf4 Bc5 49. Nc2 Ba6 50. Ne1 Bd6 51. Nd5 Be5 $19 {.}) 45... Qd3
$1 {Forced again. Any other move would allow White to penetrate with his queen
and win the game.} 46. Qa1+ ({White hasn't much of a choice.} 46. Qxd3 exd3+
47. Kf1 Ba6 $1 48. Nd2 (48. Ke1 $2 Bxc4 49. bxc4 a4 $19) 48... f6 49. Nh3 Kh6 {
would be too dangerous for him.}) 46... Qc3 47. Qd1 Qd3 48. Qa1+ Qc3 {by A
repetision. Draw rather correct game which has been always around the terms of
the draw.} 1/2-1/2

[Event "FRA-chT Top 16 GpA"]
[Site "France"]
[Date "2007.02.10"]
[Round "2.3"]
[White "Gurevich, Mikhail"]
[Black "Hracek, Zbynek"]
[Result "1/2-1/2"]
[WhiteElo "2635"]
[BlackElo "2619"]
[Annotator "Gurevich,M"]
[PlyCount "81"]
[EventDate "2007.02.09"]
[EventType "team"]
[EventRounds "11"]
[EventCountry "FRA"]
[SourceTitle "CBM 116 Extra"]
[Source "ChessBase"]
[SourceDate "2007.03.07"]
[SourceVersion "1"]
[SourceVersionDate "2007.03.07"]
[SourceQuality "1"]
[WhiteTeam "Gonfreville"]
[BlackTeam "Vandoeuvre"]
[WhiteTeamCountry "FRA"]
[BlackTeamCountry "FRA"]

1. c4 Nf6 2. Nc3 e6 3. Nf3 d5 4. d4 Bb4 5. cxd5 exd5 6. Bg5 Nbd7 7. e3 c5 8.
Bd3 Qa5 9. Qc2 O-O 10. O-O c4 11. Bf5 g6 12. Bxd7 Nxd7 13. Nd2 (13. e4 Nb6 14.
e5 Bf5 15. Qd2 Rfe8 16. a3 Bf8 17. a4 Nd7 18. h3 a6 19. g4 Be6 20. Bh6 Bb4 21.
Ng5 $40 {1-0 Grischuk,A (2710)-Filippov,V (2562)/Fuegen 2006/CBM 115 (28)})
13... Nb6 14. f3 Bxc3 (14... Re8 15. Rae1 Bd7 16. h4 Na4 17. Ndb1 Bf8 18. e4
Nb6 19. Qd2 Bg7 20. a3 Be6 21. Re2 Nd7 22. Rfe1 dxe4 23. fxe4 Qb6 $132 {
1-0 Zhu Chen (2505)-Dreev,A (2683)/Dubai 2002/CBM 089 (67)}) 15. bxc3 Na4 $5 (
15... Bd7) 16. Rac1 f6 17. Bh6 Re8 18. e4 Bd7 19. Rfe1 Re6 20. Nf1 (20. exd5 $5
Qxd5 (20... Rxe1+ 21. Rxe1 Qxc3 22. Qxc3 Nxc3 23. Re7 $36) 21. Rxe6 Qxe6 22.
Qe4 $14) 20... Rae8 21. Ng3 Bc6 22. Bd2 b5 23. Rb1 (23. Re2 Qb6 24. a3 dxe4
$132) 23... Qd8 24. Re2 dxe4 25. fxe4 f5 $1 $132 26. Rbe1 (26. e5 Nb6 $132 {xd5
}) 26... Bxe4 (26... fxe4 $5 27. Nxe4 b4 $1 28. Bg5 Bxe4 29. Bxd8 (29. Rxe4 Qd5
$19) 29... Bxc2 30. Rxe6 Rxd8 31. cxb4 Rxd4 32. Re7 c3 $15) 27. Nxe4 Rxe4 28.
Rxe4 fxe4 29. Rxe4 Nb6 (29... Qa8 30. Rf4 Nb6 31. Rf3 {i/\Bh6|^}) 30. Bh6 Nd5
31. Qe2 $1 Rxe4 32. Qxe4 Qd7 33. h3 $5 (33. Qe5 Nxc3 34. Qb8+ Kf7 35. Qf4+ Qf5
$11) 33... Kf7 $1 (33... Nxc3 $4 34. Qa8+ Kf7 35. Qf3+ $18) 34. Qe5 Nxc3 $11
35. Qg7+ Ke6 36. Qe5+ Kf7 37. Qf4+ Qf5 38. Qc7+ Ke6 39. Qc6+ Ke7 40. Qc7+ Qd7
41. Qe5+ 1/2-1/2

[Event "Bad Woerishofen op 26th"]
[Site "Bad Woerishofen"]
[Date "2010.03.12"]
[Round "7"]
[White "Rusev, Krasimir"]
[Black "Luther, Thomas"]
[Result "1-0"]
[WhiteElo "2543"]
[BlackElo "2559"]
[Annotator "Gutman,L"]
[PlyCount "45"]
[EventDate "2010.03.05"]
[EventType "swiss"]
[EventRounds "9"]
[EventCountry "GER"]
[SourceTitle "CBM 135 Extra"]
[Source "ChessBase"]
[SourceDate "2010.05.04"]
[SourceVersion "1"]
[SourceVersionDate "2010.05.04"]
[SourceQuality "1"]

1. d4 e6 2. c4 Nf6 3. Nf3 d5 4. Nc3 Bb4 5. Qb3 c5 6. cxd5 ({Zum Ausgleich
führte} 6. dxc5 Nc6 7. Bd2 O-O 8. e3 Bxc5 {[%emt 0:33:29] Cheng-Luther,
Ditzingen}) 6... exd5 7. dxc5 Nc6 8. Bg5 O-O ({In Kurnosov-Alexandrov, Rieka
2010, folgte schwächer} 8... h6 9. Bxf6 Qxf6 10. e3 O-O 11. Bb5 Bxc3+ 12. Qxc3
Qxc3+ 13. bxc3 Na5 14. Nd4 Be6 {wonach} 15. Rb1 {Vorteil versprach.}) 9. a3 $5
{Von Zoltan Ribli , ChessBase 2005, empfohlen.} ({Nach} 9. e3 Be6 10. Nd4 Bxc5
11. Rd1 ({oder} 11. Nxe6 fxe6 12. Be2 Bb4 13. O-O Qb6 14. Bh4 Rac8 15. Rab1 Na5
16. Qa4 Nc4 17. a3 {, Kortschnoi-Dizdarevich, Berlin 1985,} Be7 $5) 11... h6
12. Bh4 Bg4 {, Gagunashvili-Jobava, Warshau 2005, könnte Schwarz sich gut
behaupten.}) 9... Bxc5 10. e3 ({Bei} 10. Bxf6 Qxf6 11. Nxd5 Qd6 12. Nc3 Be6 13.
Qd1 Qc7 14. e3 Rad8 15. Qc2 g6 16. Be2 Bf5 17. Qa4 Ne5 18. Nxe5 Qxe5 {hat
Schwarz genügend Spiel für den Bauern.}) 10... d4 11. Rd1 Qe8 $6 ({Objektiv
stärker war} 11... Bb6 12. Be2 (12. exd4 Bg4 13. Be2 Bxf3 14. gxf3 Bxd4) 12...
h6 13. Bxf6 Qxf6 14. Nd5 Qe6 15. Qb5 dxe3 16. Nxb6 exf2+ 17. Kxf2 axb6 18. Qxb6
Re8 19. Rhe1 Qf6 20. Kg1 Bg4 {mit Kompensation..}) 12. Bxf6 dxe3 13. Bd4 $6 ({
Bessere Chancen versprach Weiß} 13. Bb5 $5 exf2+ 14. Kf1 gxf6 15. Nd5 Qd8 16.
Qc3 Be7 17. Bxc6 bxc6 18. Nxe7+ Qxe7 19. Kxf2 Be6 20. Rhe1) 13... exf2+ 14.
Kxf2 Nxd4 15. Nxd4 Bg4 $2 ({Richtig war} 15... Qe7 16. Nce2 Bg4 ({auch} 16...
Rd8 17. h3 Qf6+ 18. Kg1 Rxd4 19. Nxd4 Bxd4+ 20. Kh2 Be6 21. Qf3 Be5+ 22. Kg1
Qxf3 23. gxf3 Bxb2 24. a4 Rc8 {ist stark}) 17. Ke1 Rfe8 18. h3 Bh5 19. Nf3 Rad8
{mit Weiß in Bedrängnis.}) 16. Be2 Rd8 17. Bxg4 Rxd4 $6 ({Mehr Widerstand
konnte Schwarz nach} 17... Bxd4+ 18. Kf1 $5 ({zum Ausgleich führt} 18. Rxd4
Rxd4 19. Re1 Qd8 20. Bf3 Qh4+ 21. Kf1 Qxh2 22. Qxb7 Rd2) 18... Qe3 19. Qc2 Bxc3
20. bxc3 Rxd1+ 21. Qxd1 Qxc3 22. g3 Qxa3 23. Kg2 {leisten.}) 18. Rxd4 Bxd4+ 19.
Kf1 Qe3 ({Auf} 19... Qc6 {käme} 20. Bf3 Qf6 21. Ke2) 20. Qc2 Rd8 $6 ({Das
kleinere Übel wäre} 20... Qf4+ 21. Bf3 Re8 22. Ne2 Qe3 23. Ke1 Qe5 24. g3 Bxb2
25. Qb3 b5 26. Kf2 Rd8 27. Rb1 {gewesen.}) 21. g3 b6 22. Qe2 Qh6 ({Oder} 22...
Qg5 23. h4) 23. Nd5 1-0